| 000 | 03626nam0a2200421 4500 | ||
|---|---|---|---|
| 001 | RU\NLR\BIBL_A\012890133 | ||
| 005 | 20221102165057.0 | ||
| 010 |
_a978-5-17-147876-6 _93500 |
||
| 021 |
_aRU _bКН-П-22-049511 _9КН-П-22-4295 |
||
| 035 | _a(NLR Aleph) 012890133 | ||
| 035 | _a(RuMoRGB)011158198 | ||
| 090 |
_a12548476 _c12548476 |
||
| 100 | _a20220916d2022 u y0rusy50 ca | ||
| 101 | 0 | _arus | |
| 102 | _aRU | ||
| 105 | _aa f 000zy | ||
| 181 | 0 |
_ai1 _baxxe |
|
| 181 | 0 |
_ab3 _bab2e |
|
| 182 | 0 | _an | |
| 200 | 1 |
_aВсё о военной технике _e[для среднего и старшего школьного возраста] _fВ. Ф. Петров, А. Г. Мерников, В. В. Ликсо, Б. Б. Проказов |
|
| 203 |
_aТекст _aИзображение _bвизуальные _cнепосредственные |
||
| 210 |
_aМосква _cАСТ _d2022 _e[Б. м.] |
||
| 215 |
_a127 с. _cил., цв. ил. _d27 |
||
| 225 | 1 | _aБольшая 4D-энциклопедия | |
| 320 | _aНа обл. авт. не указаны | ||
| 330 | _aКаждый мальчишка, увлеченный военной историей, был бы рад не просто прочитать очередную книгу о боевой технике, а рассмотреть танк, самолет или корабль со всех сторон и увидеть своими глазами их в действии. Теперь есть такая возможность! Ведь перед тобой книга с дополненной реальностью, а это значит, что ты познакомишься с уже ставшей легендарной, а также современной военной техникой - артиллерийскими системами и танками, самолетами и кораблями в объеме, движении и звуковом сопровождении. Какое артиллерийское орудие и почему стало самым массовым в годы Великой Отечественной войны? Как коктейль Молотова помогал советским пехотинцам в борьбе с немецкими танками? Какой современный передвижной ракетный комплекс считается наиболее мощным? Что является индивидуальным средством защиты летчиков-истребителей? В чем заключается уникальность авианесущего крейсера "Адмирал Кузнецов"? На эти и многие другие вопросы ты найдешь ответы в настоящем издании, посвященном наиболее выдающимся об ... | ||
| 333 | _a12+ | ||
| 606 | 1 |
_aВоенная техника _jЭнциклопедии для детей _2nlr_sh1 _2nlr_sh2 _3RU\NLR\AUTH\66105306 |
|
| 686 | 0 |
_aШ9 _bЦ |
|
| 701 | 1 |
_aПетров _bВ. Ф. _cпопуляризатор _gВасилий Федорович _3RU\NLR\AUTH\770244364 |
|
| 701 | 1 |
_aМерников _bА. Г. _gАндрей Геннадьевич |
|
| 701 | 1 |
_aЛиксо _bВ. В. _gВячеслав Владимирович |
|
| 701 | 1 |
_aПроказов _bБ. Б. _cхудожник _f1969- _gБорис Борисович _3RU\NLR\AUTH\7784866 |
|
| 942 | _cBOOK | ||
| 980 | _aNB | ||